Statistiken für Größte Städte Sachsen-Anhalts

Klicken Sie hier um das Quiz zu spielen!

Allgemein

  • Dieses Quiz wurde 19 mal gespielt
  • Das Durchschnittsergebnis liegt bei 5 aus 8

Antwortstatistiken

EinwohnerStadt% Korrekt
242.083Halle
100%
239.364Magdeburg
100%
79.655Dessau-Roßlau⁠
84%
45.535Wittenberg
63%
39.105Stendal
58%
40.457Halberstadt
47%
37.894Bitterfeld-Wolfen⁠
37%
39.041Weißenfels
37%

Verteilung der Resultate

Perzentil nach korrekt beantworteten Fragen

Anzahl Personen mit jedem Resultat

Ihre Resultats-Entwicklung

Sie haben dieses Quiz noch nicht gespielt